[Вып.] 11: сборник статей по научно-техническим и производственным вопросам; Станкостроение Литвы

Bibliografiske detaljer
Parent link:Станкостроение Литвы: [сборник статей]/ Экспериментальный научно-исследовательский институт металлорежущих станков (ЭНИМС), Вильнюсский филиал. [Вып.] 11.— , 1969-1989
Sprog:russisk
Udgivet: 1980
Fag:
Format: Bog
KOHA link:https://koha.lib.tpu.ru/cgi-bin/koha/opac-detail.pl?biblionumber=333052

MARC

LEADER 00000nam2a2200000 4500
001 333052
005 20231102004521.0
035 |a (RuTPU)RU\TPU\book\359047 
035 |a RU\TPU\book\359046 
090 |a 333052 
100 |a 20170606d1980 k y0rusy50 ca 
101 0 |a rus 
102 |a LT 
105 |a a z 001zy 
200 0 |a [Вып.] 11  |e сборник статей по научно-техническим и производственным вопросам 
210 |d 1980 
215 |a 160 с.  |c ил. 
320 |a Библиография в конце статей 
461 1 |0 (RuTPU)RU\TPU\book\126771  |t Станкостроение Литвы  |o [сборник статей]  |f Экспериментальный научно-исследовательский институт металлорежущих станков (ЭНИМС), Вильнюсский филиал  |v [Вып.] 11  |d 1969-1989 
606 1 |a Станкостроение  |2 stltpush  |3 (RuTPU)RU\TPU\subj\73089  |9 86297 
610 1 |a Литва 
610 1 |a зубофрезерные станки 
610 1 |a уравнения 
610 1 |a расчеты 
610 1 |a переходные процессы 
610 1 |a технологические процессы 
610 1 |a проектирование 
610 1 |a сверла 
610 1 |a стойкость 
610 1 |a прогнозирование 
675 |a 621.9.06.002  |v 3 
801 1 |a RU  |b 63413507  |c 20141209 
801 2 |a RU  |b 63413507  |c 20170607  |g RCR 
942 |c BK